000 01142nam a2200217Ia 4500
003 Ost
005 20260507075650.0
008 260507s9999||||xx |||||||||||||| ||und||
020 _a1145029957
040 _cfsecg
041 _aara
082 _a658.401
100 _aالفضل، مؤيد عبد الحسين
_eمؤلف
245 0 _aالأساليب الكمية :
_bنماذج خطية في تخطيط الإنتاج /
_c مؤيد عبد الحسين الفضل
260 _aعمان:
_bدار مجدلاوي للنشر والتوزيع,
_c2004
300 _a405 صفحة؛
_bإيضاحات ؛
_c25 سم
520 _aمفاهيم نظرية في تخطيط الإنتاج والبرمجة الخطية- معالجة مشاكل تخطيط الإنتاج باستخدام الطريقة البيانية- أسلوب السمبلكس وتطبيقاته العملية- الحالات المختلفة للبرمجة الخطية- تحليل حساسية النموذج الرياضي- نماذج النقل- نموذج التخصيص.
653 _aالإحصاء الإقتصادي
653 _aالإنتاج
942 _cكتاب
999 _c45587
_d45587